Quizzes
Events
Quiz Creation
Community
Videos
Private Events
Remove Ads
Sign In
Join for FREE
Feedback
Dark Mode
Quiz Categories
Sports
Geography
Music
Movies
Television
Just For Fun
Miscellaneous
History
Literature
Language
Science
Gaming
Entertainment
Religion
Holiday
For Kids
Quiz Lab
Recent
Popular Today
Quiz Kudos Today
Editor Picks
Curator Picks
Quizzes by...
Day
Popularity
Type
Ratings
Length
Year
Community
Subscriptions
Recent Discussions
Orange Saloon
Badges
Playlists
Quests
Create
Leaderboards
Showdown
Live 5
Trivia Bingo
Activity
Puzzle Library
Sporcle Events
Private Events
Virtual Trivia
Globe League
Become a Host
Pub Owners
SporcleCon
Opinionation
Our Games
Videos
Blog
Mobile Apps
Partnerships
Remove Ads and Go Orange
Feedback
Music
Pop Music
The Beatles
Song
Album
Lyrics
Bands
Singers
Artist
Clip
Rock
Rap
Classical
Billboard
Country Music
Kpop
Taylor Swift
Music
Pop Music
The Beatles
Song
Album
Lyrics
Bands
Singers
Artist
Clip
Rock
Rap
Classical
Billboard
Country Music
Kpop
Taylor Swift
Random Quiz
Search Sporcle
×
Quiz Lab
Quiz Lab
Music
Popular
Type in answers that appear in a list
Type in answers that appear in a list
Classic
Best Score? Go Orange.
Popular Songs of 2010 Stats
Can you name the Popular Songs of 2009?
By
crazygirl2745
10m
30 Questions
1,061 Plays
1,061 Plays
1,061 Plays
Comments
Comments
Give Quiz Kudos
Give Quiz Kudos
-
- Ratings
hide this ad
Random Order
Randomize order of answers
Randomize order of answers
Replay
Link that replays current quiz
Next Quiz
Link to next quiz in quiz playlist
You Got
0%
They Got
Avg Score
47%
Avg Friend Score
Upgrade to see
Score Distribution
Jump to the score distribution portion of the page
Score
0/30
Timer
10:00
0
Plays Today
Songs
Artist
% Correct
Tik, Tok
Ke$ha
90.3%
Fireflies
Owl City
80.8%
Imma Be
Black Eyed Peas
79.2%
Rude Boy
Rihanna
79.2%
Telephone
Lady Gaga ft. Beyonce
78.5%
Hey, Soul Sister
Train
76.8%
Today Was A Fairytale
Taylor Swift
71%
In My Head
Jason Derulo
66.7%
Down
Jay Sean
62.2%
One Time
Justin Bieber
61.8%
Replay
Iyaz
60.9%
3
Britney Spears
60.7%
Haven't Met You Yet
Michael Buble
54.3%
All The Right Moves
OneRepublic
44.8%
Bed Rock
Young Money
42.4%
Songs
Artist
% Correct
Drop The World
Lil Wayne
42.3%
Sexy Chick
David Guetta ft. Akon
42.2%
Live Like Were Dying
Kris Allen
41.3%
Heartbreak Warfare
John Mayer
33.7%
Two Is Better Than One
Boys Like Girls ft. Taylor Swift
33.6%
Say Aah
Trey Songz
29.7%
Temporary Home
Carrie Underwood
28.6%
Over
Drake
27.2%
American Honey
Lady Antebellum
26.9%
Alice
Avril Lavigne
23.3%
Live After You
Daughtry
22%
Tie Me Down
New Boyz
20.7%
Lemonade
Gucci Mane
13.3%
Someday
Rob Thomas
12.1%
I Am
Mary J. Blige
5.7%
Quiz Playlist
Details
Report
Send in Message
Add To Playlist
Classic:
Type in answers that appear in a list
Random Order:
Randomize order of answers
Last Updated: Feb 16, 2017
Quiz Scoreboard
CHALLENGE
Sign Up to Join the Scoreboard
Show All
Scores
Hide
Comments
May contain spoilers
Recently Published
TV Characters by Other Roles V
by ghcgh
Television
5m
Decade Duel: World Leaders
by jenniferyan
History
4m
Alphabetical 'K' Countries by Flag Minefield
by ylime102
Geography
3m
More to Explore
Quiz From the Vault
Featured Blog Post
15 Basketball Trivia Facts You Can Be March Mad About
hide this ad
You Might Also Like...
Tags
Artist Quiz
Popular Quiz
Song Quiz
2009
2010
Today's Top Quizzes in Music
Browse Music
hide this ad
Today's Top Quizzes in Popular
Browse Popular
Top Contributed Quizzes in Music
1
Taylor Swift All Songs (2024)
2
Decade Duel: Singer
3
Taylor Swift Logic Puzzle
4
KPOP LOGIC QUIZ
5
Guess the Taylor Swift song (Mystery Song)
6
Guess The Taylor Swift Lyrics Song #1
7
A Taylor Swift Logic Puzzle
8
kpop group name match up
9
2 word kpop group match
10
Madness Songs By Image
Explore More
Trending Topics
Disney
Marvel
Harry Potter
NBA
Anime
Crossword
Kpop
The Office
Song
Soccer
NFL
Puzzle
WWE
Pokémon
Country
hide this ad
More By:
crazygirl2745
Quiz
Plays
Rating
Category
Featured
Created
Music of 2000-2010
3,896
2.75
Music
Mar 21, 2010
Popular Songs of 2010
1,061
1.94
Music
Mar 19, 2010
Go to Creator's Profile
Score Distribution
Quiz Creator Spotlight
crazygirl2745
Follow
Send a Message
Quizzes Created
-
Created Quiz Play Count
-
More By This Creator
Popular Quizzes Today
1
Countries of Asia Without Outlines Minefield
2
Find the US States - No Outlines Minefield
3
Pick 6: Fruits
4
The Countries of the World
5
Alphabetical 'K' Countries by Flag Minefield
6
Find the Countries of Europe - No Outlines Minefield
7
US States
8
Find the US States
More Music Quizzes
'From' Song Titles
Published
Trending Quizzes
Pick 6: Mountains
Pick 6: Harry Potter
Pick 6: Flags
Pick 6: NFL Teams
Pick 6: Movie Franchises
Recently Updated
Adaptations: Name the Title
pecheneg
NWSL Teams
pecheneg
Women's Final Four Teams by Year
bhenderson79
Presidents Quartet II
eogle
Anything But Clue(do)
eogle
Anything But Oceanian Capitals
eogle
Anything But 7
eogle
Anything But Thing
eogle
Word Ladder: February 29
pecheneg
Song Title Questions
pecheneg
Trending Topics
Crossword
NBA
Disney
Marvel
Harry Potter
Anime
Kpop
Pokémon
Song
WWE
Soccer
Country
Puzzle
NFL
The Office
Your Account Isn't Verified!
In order to create a playlist on Sporcle, you need to verify the email address you used during registration. Go to your
Sporcle Settings
to finish the process.
Report this User
Report this user for behavior that violates our
Community Guidelines
.
Details:
Send Report
Go to the Sporcle.com Mobile Site →
Comments